مكتبة جامعة عجلون الوطنية

فهرس بحث المكتبة

Practical data science with R / (Record no. 33808)

MARC details
000 -LEADER
fixed length control field 02890cam a22005057i 4500
001 - CONTROL NUMBER
control field 21729234
003 - CONTROL NUMBER IDENTIFIER
control field JO-AjAnu
005 - DATE AND TIME OF LATEST TRANSACTION
control field 20241020111505.0
008 - FIXED-LENGTH DATA ELEMENTS--GENERAL INFORMATION
fixed length control field 200925t20202020nyuad b 001 0 eng d
010 ## - LIBRARY OF CONGRESS CONTROL NUMBER
LC control number 2020430361
020 ## - INTERNATIONAL STANDARD BOOK NUMBER
International Standard Book Number 9781617295874
Qualifying information (pbk. ;
-- alk. paper)
035 ## - SYSTEM CONTROL NUMBER
System control number (OCoLC)on1129203536
040 ## - CATALOGING SOURCE
Original cataloging agency TOH
Language of cataloging eng
Description conventions rda
Transcribing agency TOH
Modifying agency BDX
-- WVU
-- JRZ
-- TOH
-- GZN
-- OCLCF
-- CHVBK
-- OCLCO
-- NJR
-- YDXIT
-- DLC
-- JO-AjAnu
041 ## - LANGUAGE CODE
Language code of text/sound track or separate title ENG
042 ## - AUTHENTICATION CODE
Authentication code lccopycat
050 00 - LIBRARY OF CONGRESS CALL NUMBER
Classification number QA276.45.R3
Item number Z86 2020
082 04 - DEWEY DECIMAL CLASSIFICATION NUMBER
Classification number 006.312
Edition number 23
100 1# - MAIN ENTRY--PERSONAL NAME
Personal name Zumel, Nina,
Relator term author.
245 10 - TITLE STATEMENT
Title Practical data science with R /
Statement of responsibility, etc. Nina Zumel and John Mount ; foreword by Jeremy Howard and Rachel Thomas.
250 ## - EDITION STATEMENT
Edition statement Second edition.
264 #1 - PRODUCTION, PUBLICATION, DISTRIBUTION, MANUFACTURE, AND COPYRIGHT NOTICE
Place of production, publication, distribution, manufacture Shelter Island, NY :
Name of producer, publisher, distributor, manufacturer Manning.,
Date of production, publication, distribution, manufacture, or copyright notice [2020]
300 ## - PHYSICAL DESCRIPTION
Extent xxvii, 536 pages ;
Dimensions 24 cm
336 ## - CONTENT TYPE
Content type term text
Content type code txt
Source rdacontent
337 ## - MEDIA TYPE
Media type term unmediated
Media type code n
Source rdamedia
338 ## - CARRIER TYPE
Carrier type term volume
Carrier type code nc
Source rdacarrier
504 ## - BIBLIOGRAPHY, ETC. NOTE
Bibliography, etc. note Includes bibliographical references (pages 519-521) and index.
505 0# - FORMATTED CONTENTS NOTE
Formatted contents note Introduction to data science -- Modeling methods -- Working in the real world.
520 ## - SUMMARY, ETC.
Summary, etc. "Evidence-based decisions are crucial to success. Applying the right data analysis techniques to your carefully curated business data helps you make accurate predictions, identify trends, and spot trouble in advance. The R data analysis platform provides the tools you need to tackel day-to-day data analysis and machine learning tasks efficiently and effectively. "Practical data science with R, second edition" is a task-based tutorial that leads readers through dozens of useful data analysis practices using the R language. By concentrating on the most important tasks you'll face on the job, this friendly guide is comfortable both for business analysts and data scientists. Because data is only useful if it can be understood, you'll also find fantastic tips for organizing and presenting data in tables, as well as snappy visualizations."--
Assigning source Provided by publisher
650 #0 - SUBJECT ADDED ENTRY--TOPICAL TERM
Topical term or geographic name entry element R (Computer program language)
650 #0 - SUBJECT ADDED ENTRY--TOPICAL TERM
Topical term or geographic name entry element Mathematical statistics
General subdivision Data processing.
650 #0 - SUBJECT ADDED ENTRY--TOPICAL TERM
Topical term or geographic name entry element Data mining.
650 #7 - SUBJECT ADDED ENTRY--TOPICAL TERM
Topical term or geographic name entry element COMPUTERS / Database Management / Data Mining.
Source of heading or term bisacsh
650 #7 - SUBJECT ADDED ENTRY--TOPICAL TERM
Topical term or geographic name entry element Data mining.
Source of heading or term fast
Authority record control number or standard number (OCoLC)fst00887946
650 #7 - SUBJECT ADDED ENTRY--TOPICAL TERM
Topical term or geographic name entry element Mathematical statistics
General subdivision Data processing.
Source of heading or term fast
Authority record control number or standard number (OCoLC)fst01012133
650 #7 - SUBJECT ADDED ENTRY--TOPICAL TERM
Topical term or geographic name entry element R (Computer program language)
Source of heading or term fast
Authority record control number or standard number (OCoLC)fst01086207
650 #7 - SUBJECT ADDED ENTRY--TOPICAL TERM
Topical term or geographic name entry element Data Mining
Source of heading or term gnd
650 #7 - SUBJECT ADDED ENTRY--TOPICAL TERM
Topical term or geographic name entry element Datenanalyse
Source of heading or term gnd
650 #7 - SUBJECT ADDED ENTRY--TOPICAL TERM
Topical term or geographic name entry element R
Source of heading or term gnd
Miscellaneous information Programm
700 1# - ADDED ENTRY--PERSONAL NAME
Personal name Mount, John
Titles and other words associated with a name (Computational scientist),
Relator term author.
700 1# - ADDED ENTRY--PERSONAL NAME
Personal name Howard, Jeremy,
Relator term writer of foreword.
700 1# - ADDED ENTRY--PERSONAL NAME
Personal name Thomas, Rachel L.
Fuller form of name (Rachel Lee),
Dates associated with a name 1983-
Relator term writer of foreword.
906 ## - LOCAL DATA ELEMENT F, LDF (RLIN)
a 7
b cbc
c copycat
d 2
e ncip
f 20
g y-gencatlg
942 ## - ADDED ENTRY ELEMENTS (KOHA)
Source of classification or shelving scheme Library of Congress Classification
Koha item type Books
Suppress in OPAC No
Holdings
Withdrawn status Lost status Source of classification or shelving scheme Damaged status Not for loan Home library Current library Date acquired Total Checkouts Full call number Barcode Date last seen Price effective from Koha item type
    Library of Congress Classification     مكتبة جامعة عجلون الوطنية مكتبة جامعة عجلون الوطنية 20/10/2024   QA276.45.RZ86 2020 E3981 20/10/2024 20/10/2024 Books
    Library of Congress Classification     مكتبة جامعة عجلون الوطنية مكتبة جامعة عجلون الوطنية 20/10/2024   QA276.45.RZ86 2020 E3982 20/10/2024 20/10/2024 Books